| 000 | 00739cam a2200181 4500 | ||
|---|---|---|---|
| 001 | ABS66643 | ||
| 008 | 030430n2003 000 0 eng u | ||
| 035 | _a(Sirsi) u122141 | ||
| 245 | _aOther land price series | ||
| 260 | _c2003 | ||
| 490 |
_aFarmland Market _v(59) Spring 2003, 18-19(2) |
||
| 520 | _aProvides an overview of the various land price series available, most of which are published in the "Farmland Market". Beginning with the earliest, it describes the different series, what they cover, what sources and methods they use, along with any problems or disadvantages. | ||
| 590 | _aABS | ||
| 650 | _aAGRICULTURAL LAND PRICES | ||
| 650 | _aFARMLAND PRICE INDEX | ||
| 690 | _aRURAL-AGRICULTURE AND FORESTRY | ||
| 942 | _n0 | ||
| 999 |
_c72585 _d72585 |
||